1204 1527 1366 1771 1287 1731 1090 1930 1126 1437 1992 1765 1583 1814 1371 1077 1214 1112 1861 1811 1024 1050 1361 1090 1323 1294 1375 1530 1426 1233 1135 1372 1915 1931 1367 1923 1281 1507 1954 1130 1124 1590 1484 1456 1463 1707 1000 1949 1564 1690 1619 1323 1586 1543 1428 1815 1099 1050 1525 1493 1197 1588 1279 1112 1415 1774 1415 1936 1927 1540 1152 1907 1761 1835 1464 1274 1528 1859 1398 1650 1774 1849 1520 1190 1262 1802 1085 1667 1666 1131 1831 1791 1268 1166 1621 1480 1240 1583 1112 BCNSPRNW ULIB Ver.6.0+V

เปลี่ยนเป็นภาษาไทย

Change to English
 แสดงรายละเอียดบรรณานุกรม
  กลับหน้าหลัก

Brief Record : Get Marc (ISO 2709) : E-mail record : QR code < ปิดหน้าต่าง
LEADER : 00000nam 2200000uu 4500
001    13399123297
003     ULIB
008    140815s2556||||th 000 0 tha d
099    วจ.WM274^bส876ก
100 0  สุวัฒนา คำสุข
245 00 การเปรียบเทียบระดับการดื่มเครื่องดื่มแอลกอฮอล์กับพฤติกรรมเสี่ยงทางเพศของนักศึกษาสายอาชีวศึกษา ในเขตอำเภอเมืองลำปาง/^cสุวัฒนา คำสุข
246 02 A Comparison study:level of alcohol consumption and sexual risk behavior
260    ลำปาง :^bวิทยาลัยพยาบาลบรมราชชนนี นครลำปาง,^c2556
300    49 หน้า
650  0 เครื่องดื่มแอลกอฮอล์^xวิจัย
650  0 พฤติกรรมเสี่ยงทางเพศ^xวิจัย
945    ^p0^l0^i034604
999    ^aเกษร โพธิ์สุวรรณ
รายการนี้ยังไม่มีแท็ก
คุณยังไม่ได้ล็อกอิน คุณสามารถมีกิจกรรมร่วมกับเว็บไซต์ได้ แต่ต้องล็อกอินก่อน ::
  ล็อกอิน

รายการสื่อสารสนเทศ

ลำดับที่ ประเภท เลขเรียก/บาร์โค้ด สถานที่ สถานะ
1. งานวิจัย
งานวิจัย
วจ.WM274 ส876ก ฉ.1 
  Barcode: 034604
ห้องสมุดวิทยาเขตสวรรค์ประชารักษ์
►วิจัย
บนชั้น

BibComment


ยังไม่เคยถูกคอมเมนท์

คอมเมนท์ทรัพยากรรายการนี้
  คอมเมนท์: การเปรียบเทียบระด..


 Copyright 2026. Bcnsprnw @Library